• 首页
  • 本馆介绍
  • 公告通知
  • 最新文献
  • 馆藏检索
  • 电子资源
  • 读者导购
  • 参考咨询
  • 我的图书馆
  • 登录
  • 详细信息显示
  • 放入我的书架
  • 预约/预借图书
  • 作者相关作品
  • 分类相关作品
  • 丛书相关作品
  • 出版社相关作品

书目信息

  • 表格格式
  • 工作单格式
  • 卡片格式
书名: Introduction to safety in the chemical laboratory
作者: by N.T. Freeman, J. Whitehead.
分册号:
分册名:
出版地: London ;
 
出版社: Academic Press
出版时间: 1982.
页数: ix, 244 p. :
开本: 24 cm.
丛书名:
中图分类号:
科图分类号:
其他分类号: O6-39
主题词:
电子资源:
000 00995nam 2200325 a 45x0
001 E0752242225
003 OCoLC
005 20070301143216.21
008 030611s1982 enka b 001 0 eng
010    @a 82045029
020    @a0122672208.
040    @aDLC@cDLC@dNLM
050 00 @aQD51@b.F86 1982
060 0  @aWA 485@bF855i 1982
082 0  @a542/.028/9 @2 19
090    @aP41/W121
090    @aO6-39
099    @dO6-39@ex155
100 1  @aFreeman, N. T.
245 10 @aIntroduction to safety in the chemical laboratory / @cby N.T. Freeman, J. Whitehead.
260    @aLondon ;@aNew York :@bAcademic Press,@c1982.
300    @aix, 244 p. :@bill. ;@c24 cm.
500    @aIncludes index.
504    @aBibliography: p. 227-230.
650  2 @aAccidents, Occupational@xprevention & control.
650  2 @aChemistry.
650  0 @aChemical laboratories@xSafety measures.
650  2 @aLaboratories.
700 1  @aWhitehead, J.
920    @a232010@z2
    
    Introduction to safety in the chemical laboratory / / by N.T. Freeman, J. Whitehead.-London ; ; New York : : Academic Press, , 1982.
    ix, 244 p. : : ill. ; ; 24 cm.
    Includes index.-Bibliography: p. 227-230.
    
    ISBN 0122672208.
    
●
相关链接 在E读中查询图书 在五车中查询图书 在当当中查询图书 在豆瓣中查询图书


正题名:Introduction to safety in the chemical laboratory     索取号:O6-39/x155         预约/预借

序号 登录号 条形码 馆藏地/架位号 状态 备注
1 128347   000636501   第四借阅区/ [索取号:O6-39/x155] 在馆    
2 128348   000636495   第四借阅区/ [索取号:O6-39/x155] 在馆    
3 128349   000636510   第二样本阅览室/ [索取号:O6-39/x155] 在馆    
唐山师范学院图书馆 欢迎您!
大连网信软件有限公司© 版权所有